000 01215cam a2200301 4500
001 77598
003 BD-RjUL
005 20211209083011.0
008 201204s1971 enk 100 0 eng
035 _a(BD-RjUL)77824
040 _aDLC
_cDLC
_dBD-RjUL
_beng
041 _aeng
082 0 0 _a792.071042
_223
_bDRA 1971
245 0 0 _aDrama and theatre in education /
_cedited by Nigel Dodd and Winifred Hickson.
260 _aLondon:
_bHeinemann,
_c1971.
300 _avii, 176 p. ;
_c23 cm.
350 _a£1.50
500 _a" ... [proceedings of] a conference on drama and theatre in education, held at Clifton College, Bristol, March 31st to April 3rd 1969, sponsored by the Bristol Education Authority, the Bristol Old Vic Theatre Company, and Clifton College."
650 0 _aDrama in education
_xCongresses.
_9242303
700 1 _aDodd, Nigel,
_eed.
_9242309
700 1 _aHickson, Winifred,
_eed.
_9242310
710 1 _aBristol (England).
_bEducation Authority.
_9242306
710 2 _aBristol Old Vic Theatre Company (Bristol, England)
_9242307
710 2 _aClifton College (Bristol, England)
_9242308
906 _a7
_bcbc
_corignew
_d3
_encip
_f19
_gy-gencatlg
942 _2ddc
_cBK
999 _c77598
_d77598